El concepto de deseo en Freud y en Deleuze - Guattari (Registro nro. 362661)
[ vista simple ]
| 000 -CABECERA | |
|---|---|
| campo de control de longitud fija | 01324nam a2200325 u 4500 |
| 001 - NÚMERO DE CONTROL | |
| campo de control | 939994 |
| 005 - FECHA Y HORA DE LA ÚLTIMA TRANSACCIÓN | |
| campo de control | 20260506155658.0 |
| 007 - CAMPO FIJO DE DESCRIPCIÓN FÍSICA--INFORMACIÓN GENERAL | |
| campo de control de longitud fija | co||||||| |
| 008 - DATOS DE LONGITUD FIJA--INFORMACIÓN GENERAL | |
| campo de control de longitud fija | 050817e20050801 spa |
| 035 ## - NÚMERO DE CONTROL DEL SISTEMA | |
| Número de control de sistema | 939994 |
| 040 ## - FUENTE DE LA CATALOGACIÓN | |
| Centro/agencia transcriptor | comduadb |
| 041 ## - CÓDIGO DE LENGUA | |
| Código de lengua del texto/banda sonora o título independiente | spa |
| 080 ## - NÚMERO DE LA CLASIFICACIÓN DECIMAL UNIVERSAL | |
| Número de la Clasificación Decimal Universal | T/CD |
| 082 #4 - NÚMERO DE LA CLASIFICACIÓN DECIMAL DEWEY | |
| Número de clasificación | 150 |
| 100 10 - ENTRADA PRINCIPAL--NOMBRE DE PERSONA | |
| Nombre de persona | Roldan Zapata, Ruth Elena |
| Código de función | aut |
| Término indicativo de función/relación | Autor/a |
| 9 (RLIN) | 404599 |
| 245 13 - TÍTULO PROPIAMENTE DICHO | |
| Título propiamente dicho | El concepto de deseo en Freud y en Deleuze - Guattari |
| 260 ## - PUBLICACIÓN, DISTRIBUCIÓN, ETC. | |
| Lugar de publicación, distribución, etc. | Medellín : |
| Nombre del editor, distribuidor, etc. | [sin publicador], |
| Fecha de publicación, distribución, etc. | 2005. |
| 300 ## - DESCRIPCIÓN FÍSICA | |
| Extensión | 1 CD-ROM |
| 520 3# - SUMARIO, ETC. | |
| Nota de Sumario, etc. | Este texto aborda el concepto de deseo en Freud y en Deleuze-Guattari. Para este analisis se hace un recuento historico desde Platon, pasando por el pensamiento cristiano y los autores de la modernidad, para llegar a los autores en los que se centra la investigacion que son Freud y Deleuze-Guattari |
| 502 ## - NOTA DE TESIS | |
| Tipo de título | Tesis (Psicólogo/a). |
| Nombre de la institución que otorga el título | Universidad de Antioquia. Facultad de Ciencias Sociales y Humanas, |
| 526 ## - NOTA DE INFORMACIÓN SOBRE EL PROGRAMA DE ESTUDIO | |
| Nombre del programa | Universidad de Antioquia. Facultad de Ciencias Sociales y Humanas. Psicología. |
| 600 14 - PUNTO DE ACCESO ADICIONAL DE MATERIA--NOMBRE DE PERSONA | |
| Nombre de persona | Freud, Sigmund, |
| Fechas asociadas al nombre | 1856-1939 |
| Subdivisión general | Crítica e interpretación |
| 9 (RLIN) | 854993 |
| 600 14 - PUNTO DE ACCESO ADICIONAL DE MATERIA--NOMBRE DE PERSONA | |
| Nombre de persona | Lacan, Jacques, |
| Fechas asociadas al nombre | 1901-1981 |
| Subdivisión general | Crítica e interpretación |
| 9 (RLIN) | 859290 |
| 650 ## - PUNTO DE ACCESO ADICIONAL DE MATERIA--TÉRMINO DE MATERIA | |
| Término de materia o nombre geográfico como elemento de entrada | Deseo (Psicoanálisis) |
| 9 (RLIN) | 36924 |
| 650 ## - PUNTO DE ACCESO ADICIONAL DE MATERIA--TÉRMINO DE MATERIA | |
| Término de materia o nombre geográfico como elemento de entrada | Metapsicología |
| 9 (RLIN) | 67598 |
| 650 ## - PUNTO DE ACCESO ADICIONAL DE MATERIA--TÉRMINO DE MATERIA | |
| Término de materia o nombre geográfico como elemento de entrada | Deleuze, Gilles, 1925-1995 - Crítica e interpretación |
| 9 (RLIN) | 72535 |
| 650 ## - PUNTO DE ACCESO ADICIONAL DE MATERIA--TÉRMINO DE MATERIA | |
| Término de materia o nombre geográfico como elemento de entrada | Guattari, Félix, 1930-1992 |
| 9 (RLIN) | 24350 |
| 700 10 - ENTRADA AGREGADA--NOMBRE PERSONAL | |
| Nombre de persona | Arroyave Álvarez, Edgar Orlando |
| Código de función | ths |
| Término indicativo de función/relación | Asesor/a de tesis |
| 9 (RLIN) | 813162 |
| 942 ## - ELEMENTOS DE ENTRADA AGREGADA (KOHA) | |
| Tipo de ítem Koha | Tesis |
| Estado de retiro | Estado de pérdida | Estado dañado | No para préstamo | Código de colección | Localización permanente | Ubicación/localización actual | Fecha de adquisición | Fuente de adquisición | Número de inventario | Total de préstamos | Signatura topográfica completa | Código de barras | Fecha visto por última vez | Número de copia | Precio válido a partir de | Tipo de ítem Koha |
|---|---|---|---|---|---|---|---|---|---|---|---|---|---|---|---|---|
| Colección de Tesis Digitales. Piso 2 | Biblioteca Carlos Gaviria Díaz, Campus Medellín | Biblioteca Carlos Gaviria Díaz, Campus Medellín | 17/08/2005 | Material adquirido por donación | C877842 | 150.195 R744 CD-ROM | 0564174 | 26/04/2023 | 1 | 26/04/2023 | Digital (CD-ROM, DVD, Blu-Ray, USB) | |||||
| Colección de Tesis Digitales. Piso 2 | Biblioteca Carlos Gaviria Díaz, Campus Medellín | Biblioteca Carlos Gaviria Díaz, Campus Medellín | 13/09/2005 | C881314 | 150.195 R744 CD-ROM e2 | 0567160 | 26/04/2023 | 2 | 26/04/2023 | Digital (CD-ROM, DVD, Blu-Ray, USB) | ||||||
| Colección Digital (Discos Ópticos, DVD) | CRAI María Teresa Uribe (FCSH, Bl. 9-305) | CRAI María Teresa Uribe (FCSH, Bl. 9-305) | 04/10/2005 | C883822 | T/CD-05820 | 0617030 | 26/04/2023 | 3 | 26/04/2023 | Digital (CD-ROM, DVD, Blu-Ray, USB) |